000 01085nam a2200313 c 4500
003 BLK
005 20240417151126.0
008 180408b bul|||||r ||||||| ||bul||
010 _aKNG00084461000
020 _a978-954-585-919-9
_bиздат.: Бард
040 _aBLK
041 _aBUL
_cBUL
080 _aАмериканска литература (на САЩ)
_b821.111(73)
_x-312.4
_z821.111(73)-312.4
100 _aХоуг, Тами
_9249554
700 1 _aВиронова, Татяна Атанасова
_9365852
139 _aХоуг, Тами
_bХ 70
245 1 0 _aЧовекът с алибито
_bРоман
_cТами Хоуг; прев. от англ. Таня Виронова.
257 _aUSA
260 София
_bБард
_c2008
300 _a399 с.
_c20 см
380 _aX
500 _aОриг. загл. The Alibi Man / Tami Hoag
852 _aЦб 240534
856 4 _qpdf
_u
856 4 _qpdf
_u
942 _cKNG
_n0
_016
944 _aCR
_c14.07.2008
_lГеновева Генчева
_k30560
944 _aED
_c02.07.2014
_lф /
_k
999 _c79978
_d79978